000 01388nam a2200217Ia 4500
003 Ost
005 20260507074858.0
008 260507s9999||||xx |||||||||||||| ||und||
040 _cfsecg
041 _aara
082 _a336
100 _aناشد، سوزي عدلي
_eمؤلف
245 0 _aالمالية العامة :
_bالنفقات العامة-الايرادات العامة-الميزانية العامة /
_c سوزي عدلي ناشد
260 _aالاسكندرية:
_bمنشورات الحلبي الحقوقية,
_c2006
300 _a360 صفحة؛
_bإيضاحات ؛
_c24 سم
520 _aتضم نظرية النفقات العامة، تعريف النفقة العامة، تقسيم النفقات العامة، قواعد الانفاق العام،آثار النفقات العامة الاقتصادية، نظرية الايرادات العامة:التعريف بالايرادات العامة وتقسيماتها المختلفة، ايرادات الدولة الاقتصادية، نظرية الضريبة، القروض العامة الاصدار النقدي الجديد، الميزانية،اعداد الميزانية، اعتماد الميزانية، تنفيذ الميزانية
653 _aالايرادات والنفقات
653 _aالمالية العامة
653 _aالميزانية
942 _cكتاب
999 _c41628
_d41628